000 00416nab a2200145Ia 4500
003 ES-SlBCS
005 20210601124122.0
008 140529s1979 xxu||||| |||| 00| 0 eng d
041 _aeng
100 1 _aEdgar, William J.
_9135602
245 0 0 _aLocations
_c William J. Edgar
650 0 4 _aSituaciones
_9135603
773 0 _tCanadian Journal of Philosophy
_gvol. 9, nº. 2, 1979, págs. 323-333
_wRev1390
942 _cAR
999 _c509630
_d509630